| 000 | 01465nam1a2200301 i 4500 | ||
|---|---|---|---|
| 001 | RU\NLR\bibl\282352 | ||
| 005 | 20241102003410.0 | ||
| 035 | _a(NLR Aleph) 000277807 | ||
| 090 |
_a1625308 _c1625308 |
||
| 100 | _a20020701g1998 u y0rusy50 ca | ||
| 101 | 0 | _arus | |
| 102 | _aRU | ||
| 105 | _a||||z ||||| | ||
| 200 | 1 |
_aПодвижные игры на занятиях спортивными играми _e(Учеб. пособие для студентов вузов, учителей физкультуры и тренеров по спортив. играм) _fК.Н. Смехов, А.Г. Кузьменко _gМ-во общ. и проф. образования Рос. Федерации, Якут. гос. ун-т им. М.К. Аммосова |
|
| 210 |
_aЯкутск _cИзд-во ЯГУ _d1998 |
||
| 215 | _d20 | ||
| 225 | 1 | _aУчебное пособие | |
| 463 | 0 | _1001265463 | |
| 606 |
_aПодвижные игры _jРуководства, пособия и т.п. _91099349 _3RU\NLR\auth\66113137 |
||
| 606 |
_aПодвижные игры _jУчебные издания _91099349 _3RU\NLR\auth\66113137 |
||
| 686 | _aЧ515.5я7 | ||
| 700 | 1 |
_aСмехов _bК. Н. _gКонстантин Николаевич _4070 |
|
| 701 | 1 |
_aКузьменко _bА. Г. _gАлександр Григорьевич _4070 |
|
| 801 | 0 |
_aRU _bNLR _c20020701 _gPSBO |
|
| 801 | 1 |
_aRU _bNLR _c20020701 |
|
| 852 |
_aNLR _j2002-4/7201 |
||
| 942 | _cBOOK | ||